Jak vznikly největší monumenty dávnověku /

Saved in:
Bibliographic Details
Main Authors: Malina, Jaroslav (Author), Pavel, Pavel (Author)
Format: Book
Language:Czech
Published: Praha : Svoboda, 1994
Tags: Add Tag
No Tags, Be the first to tag this record!

MARC

LEADER 00000nam a22000003a 4500
001 stu29745
005 20150617225737.3
008 950918s1994----cs------------------cze-d
020 |a 80-205-0211-4 
040 |a STU  |b slo 
041 0 |a cze 
044 |a cs 
080 |a 72 
100 1 |a Malina, Jaroslav  |4 aut 
245 1 |a Jak vznikly největší monumenty dávnověku /  |c [aut]Malina,Jaroslav;Pavel,Pavel 
260 |a Praha :  |b Svoboda,  |c 1994 
300 |a 414 s 
700 1 |a Pavel, Pavel  |4 aut 
996 |c V*43570/O-18940  |l VV16  |s P  |a 0  |w stu29745_0001